OPAC Home

The Harsa-Carita of Baana (Record no. 84465)

MARC details
000 -LEADER
fixed length control field 00512nam a2200193Ia 4500
003 - CONTROL NUMBER IDENTIFIER
control field LK-CoDNM
005 - DATE AND TIME OF LATEST TRANSACTION
control field 20240801100357.0
008 - FIXED-LENGTH DATA ELEMENTS--GENERAL INFORMATION
fixed length control field 010623t1897 xxu||||| |||| 00| 1 eng d
040 ## - CATALOGING SOURCE
Original cataloging agency LK-CoDNM
Modifying agency LK-CoDNM
Description conventions LK-CoDNM
041 ## - LANGUAGE CODE
Language code of text/sound track or separate title English
080 ## - UNIVERSAL DECIMAL CLASSIFICATION NUMBER
Universal Decimal Classification number 8
Item number M19
942 ## - ADDED ENTRY ELEMENTS (KOHA)
Koha item type Books
100 ## - MAIN ENTRY--PERSONAL NAME
Personal name Cowell,E.B.
700 ## - ADDED ENTRY--PERSONAL NAME
Personal name Thomas,F.W.
Relator term editor
245 ## - TITLE STATEMENT
Title The Harsa-Carita of Baana
260 ## - PUBLICATION, DISTRIBUTION, ETC. (IMPRINT)
Name of publisher, distributor, etc. Royal Asiatic Society
Place of publication, distribution, etc. London
Date of publication, distribution, etc. 1897
300 ## - PHYSICAL DESCRIPTION
Other physical details xiv, 284p ; 21 cm
500 ## - GENERAL NOTE
General note Oriental Translation Fund,New Series.II
Holdings
Withdrawn status Lost status Damaged status Not for loan Collection code Permanent Location Current Location Shelving location Date acquired Full call number Barcode Koha item type
    Damaged   Old Books Collection Library National Museum Colombo - Sri Lanka Library National Museum Colombo - Sri Lanka Reference 2024-08-01 8 M19 OB4029 Books
Copyright © 2023 Department of National Museum, Colombo 07, Sri Lanka Funded by UNESCO IFAP UNESCO